Res gestae divi Augusti.
Saved in:
| Main Author: | |
|---|---|
| Other Authors: | |
| Format: | Book |
| Published: |
Madrid, España:
Ediciones Clasicas,
1994.
|
| Edition: | Primera edición |
| Series: | Bibliotheca Latina
|
| Subjects: | |
| Tags: |
Add Tag
No Tags, Be the first to tag this record!
|
MARC
| LEADER | 00000cam a2200000 a 4500 | ||
|---|---|---|---|
| 001 | UCD6729 | ||
| 003 | CL-VaPUC | ||
| 005 | 20241014131101.0 | ||
| 008 | 220728t1994 ||||| |||| 00| 0 eng d | ||
| 999 | |c 437708 |d 437706 | ||
| 020 | |a 84-7882-148-1 | ||
| 040 | |c Pontificia Universidad Católica de Valparaíso | ||
| 082 | 0 | 4 | |a 937.07 AUG 1994 |2 21 |
| 100 | |a Augusto, Caio Giulio Cesare Ottaviano, |9 871265 |d 63 a.C. - 14 d.C |e autor | ||
| 245 | 1 | 0 | |a Res gestae divi Augusti. |
| 250 | |a Primera edición | ||
| 260 | |a Madrid, España: |b Ediciones Clasicas, |c 1994. | ||
| 300 | |a 231 páginas. | ||
| 490 | 0 | |a Bibliotheca Latina | |
| 500 | |a c.1 Donación Familia Prof. Alejandro Guzmán Brito. | ||
| 583 | |a last modification |c 20170116 12:09:17 |k Catalogador Asistente | ||
| 600 | 0 | |a Augusto |d 63 a.C.-14 d.C |9 319472 | |
| 650 | 0 | |a Historia de Roma |9 315349 | |
| 650 | 0 | |a Emperadores romanos |2 CL-VaPUC |9 314054 |x Biografías | |
| 650 | 0 | |a Imperio Romano |x Memorias políticas |9 322785 | |
| 700 | |a Cortés, Juan Manuel |9 317768 |e edición, traducción y comentario | ||
| 942 | |c BK |2 ddc |n 0 | ||
| 952 | |0 0 |1 0 |2 ddc |4 0 |6 937_070000000000000_AUG_1994 |7 0 |8 C_AGB |9 585499 |a BIBDER |b BIBDER |d 2022-07-28 |e Donación |i 5653489 |o 937.07 AUG 1994 |p 5653489 |r 2023-01-25 |t 1 |w 2022-07-28 |y BK_US |k AGB | ||